|
|
|
|
| LEADER |
00000nab a2200000 a 4500 |
| 001 |
vtls000633882 |
| 003 |
SK-MaSNL |
| 005 |
20260303201608.0 |
| 008 |
160401c1997 xo 0 slo |
| 015 |
|
|
|a SNBRB19rr/mm-uuuuu
|
| 035 |
|
|
|a CL0634021
|
| 040 |
|
|
|a SNKBUCL
|b slo
|c SNKBUCL
|e AACR2
|
| 041 |
0 |
|
|a slo
|
| 044 |
|
|
|a xo
|c SK
|
| 080 |
|
|
|a 639.2.081.4
|2 1981
|
| 245 |
0 |
0 |
|a Príprava udice k lovu na boilies
|
| 300 |
|
|
|b Obr. 4
|
| 650 |
0 |
7 |
|a rybolov
|2 snkbucl
|9 2838
|
| 655 |
|
7 |
|a články z novín a časopisov
|2 snkbucl
|9 267496
|
| 773 |
0 |
|
|t Rybárstvo
|g Roč. 2, č. 8 (1997), s. 7
|
| 850 |
|
|
|a Slovenská národná knižnica v Martine
|a MTA001
|
| 852 |
|
|
|a SNK
|b KIS3GCP
|
| 958 |
|
|
|a RK
|
| 958 |
|
|
|a RBX
|
| 999 |
|
|
|c 2175021
|d 2176951
|